|
|
|
|
| LEADER |
00000nam a22000007a 4500 |
| 008 |
190722b2011 cr ||||| |||| 00| | spa d |
| 999 |
|
|
|c 3760
|d 3760
|
| 090 |
|
|
|a 05.03.01
|b 2068
|
| 245 |
1 |
0 |
|a Modelo de promoción de estilos de vida saludables y prevención del VIH y SIDA entre adolescentes : programa conjunto giro 180°
|
| 260 |
|
|
|a San José, Costa Rica :
|b Ministerio de Cultura y Juventud,
|c 2011
|
| 300 |
|
|
|a 77 páginas;
|b ilustraciones a color ;
|e + 5 folletos
|
| 500 |
|
|
|a
|
| 505 |
|
|
|t Experiencia demostrativa portal juvenil--Experiencia demostrativa educación de pares--Experiencia demostrativa giro tour--Experiencia demostrativa carnaval de la juventud--Grupo de adolescentes
|
| 650 |
1 |
4 |
|9 2164
|a PROMOCIÓN DE LA SALUD
|
| 650 |
1 |
4 |
|9 1765
|a ESTILOS DE VIDA
|
| 650 |
1 |
4 |
|9 409
|a VIH
|
| 650 |
1 |
4 |
|9 1863
|a PREVENCIÓN DEL SIDA
|
| 650 |
1 |
4 |
|9 5
|a ADOLESCENTES
|
| 942 |
|
|
|i 003585,003586,003590,003589,003588,003587
|h 05.03.01 2068
|2 z
|c 01
|